000
003270000a22001450004500
003
MACL
040
_a
MACL
090
_c
3816
_d
3815
100
_a
Pandhye, Prabhakar
245
_a
Principales of Journalism
260
_b
Bombay Popular Prakashan
_c
1991
350
_a
100
650
_a
New , Media Journalism
942
_c
BOOK
_k
070
999
_c
3784
_d
3784